• 首页
  • 本馆介绍
  • 公告通知
  • 最新文献
  • 馆藏检索
  • 电子资源
  • 读者导购
  • 参考咨询
  • 我的图书馆
  • 登录
  • 详细信息显示
  • 放入我的书架
  • 预约/预借图书
  • 作者相关作品
  • 分类相关作品
  • 丛书相关作品
  • 出版社相关作品

书目信息

  • 表格格式
  • 工作单格式
  • 卡片格式
题名:
影响世界的百年家族
    
 
作者: 陈平 编著
分册:  
出版信息: 北京   新世界出版社  2010
页数: 214页
开本: 25cm
丛书名:
单 册:
中图分类: K819
科图分类:
主题词: 家族--世界--史料 , 家族
电子资源:
ISBN: 978-7-5104-1119-9
000 00807nam0 2200241 45
001 1237525497
005 20120619095918.81
010    @a978-7-5104-1119-9@dCNY25.00
100    @a20120324d2010 em y0chiy0110 ea
101 0  @achi
102    @aCN@b110000
105    @ay z 000yy
106    @ar
200 1  @a影响世界的百年家族@AYing Xiang Shi Jie De Bai Nian Jia Zu@f陈平编著@FChen Ping Bian Zhu
210    @a北京@c新世界出版社@d2010
215    @a214页@d25cm
330    @a本书重点介绍了近现代社会几个世纪以来15个影响世界的百年大家族。主要包括:曾国藩家族:修身齐家治国平天下的家族楷模;李鸿章家族:前辈权倾朝野 后人闯荡世界等。
606 0  @a家族@y世界@x史料
606 0  @a家族
690    @aK819@v4
701  0 @a陈平@AChen Ping@4编著
801  0 @aCN@bTSTCL@c20120604
905    @b0816188-91@dK819@e1@f4
    
    影响世界的百年家族/陈平编著.-北京:新世界出版社,2010
    214页;25cm
    
    
    ISBN 978-7-5104-1119-9:CNY25.00
    本书重点介绍了近现代社会几个世纪以来15个影响世界的百年大家族。主要包括:曾国藩家族:修身齐家治国平天下的家族楷模;李鸿章家族:前辈权倾朝野 后人闯荡世界等。
●
相关链接 在E读中查询图书 在五车中查询图书 在当当中查询图书 在豆瓣中查询图书


正题名:影响世界的百年家族     索取号:K819/1         预约/预借

序号 登录号 条形码 馆藏地/架位号 状态 备注
1 0816188   208161889   第二样本阅览室/ [索取号:K819/1] 在馆    
2 0816189   208161898   第二借阅区/ [索取号:K819/1] 在馆    
3 0816190   208161905   第二借阅区/ [索取号:K819/1] 在馆    
4 0816191   208161914   第二借阅区/ [索取号:K819/1] 在馆    
唐山师范学院图书馆 欢迎您!
大连网信软件有限公司© 版权所有